| 000 | 00744nam a2200205 a 4500 | ||
|---|---|---|---|
| 001 | 000042491 | ||
| 005 | 20201002040204.0 | ||
| 008 | 131204s1989 sp 000 0 spa d | ||
| 020 | _a8483691490 | ||
| 040 |
_aDO-SdBNP _bspa _cBNPHU |
||
| 082 |
_axxxx _bxxx |
||
| 245 | 0 | 0 |
_aAlcance y Legado de la Revolución Francesa / _ccompilador José Villaverde ; R. Barny ... [et al.] ; traducción de Asunción Lasaosa ;. |
| 260 |
_aMadrid : _bPablo Iglesias, _c1989. |
||
| 300 |
_axviii, 212 p. ; _c21 cm. |
||
| 500 | _aIncluye referencias bibliográficas y notas al pie de las páginas | ||
| 590 | _aInventariado, 2019/ YL | ||
| 700 | 1 |
_aBarny, R. _969685 |
|
| 700 | 1 |
_aLasaosa, Asunción _etr. _969686 |
|
| 700 | 1 |
_aValverde, María José _eed. _969687 |
|
| 999 |
_c41980 _d41980 |
||